| Поле | Название | Значение |
| |
Тип записи |
a |
| |
Библиографический уровень |
m |
| 001 |
Контрольный номер |
RU\infra-m\znanium\bibl\2173382 |
| 005 |
Дата корректировки |
20260429142123.8 |
| 008 |
Кодируемые данные |
250919s2024 RU g rus u |
| 020 |
Индекс ISBN |
__ |
| a |
ISBN |
978-5-91134-792-5 |
| 020 |
Индекс ISBN |
__ |
| a |
ISBN |
978-5-16-113009-4 (электр. издание) |
| 020 |
Индекс ISBN |
__ |
| a |
ISBN |
978-5-16-009050-4 (ISBN соиздателя) |
| 040 |
Источник каталогиз. |
__ |
| a |
Служба первич. каталог. |
Общество с ограниченной ответственностью «ЗНАНИУМ» |
| 041 |
Код языка издания |
__ |
| a |
Код языка текста |
rus |
| 044 |
Код страны публикации |
__ |
| a |
Код страны публикации |
RU |
| 080 |
Индекс УДК |
__ |
| a |
Индекс УДК |
621.311 |
| 084 |
Индекс другой классификации/Индекс ББК |
__ |
| 2 |
Источник индекса |
rubbk |
| a |
Индекс другой классификации/Индекс ББК |
31.19 |
| 084 |
Индекс другой классификации/Индекс ББК |
__ |
| 2 |
Источник индекса |
okso |
| a |
Индекс другой классификации/Индекс ББК |
13.03.02 |
| 084 |
Индекс другой классификации/Индекс ББК |
__ |
| 2 |
Источник индекса |
okso |
| a |
Индекс другой классификации/Индекс ББК |
35.03.06 |
| 100 |
Автор |
__ |
| a |
Автор |
Хорольский В.Я. |
| q |
Полное имя |
Хорольский Владимир Яковлевич |
| u |
Дополнение |
Ставропольский государственный аграрный университет |
| 245 |
Заглавие |
__ |
| a |
Заглавие |
Управление электрохозяйством |
| b |
Продолж. заглавия |
Учебное пособие |
| c |
Ответственность |
Ставропольский государственный аграрный университет |
| 250 |
Сведения об издании |
__ |
| a |
Основные сведения об издании |
1 |
| 260 |
Выходные данные |
__ |
| a |
Место издания |
Москва |
| b |
Издательство |
Издательство "ФОРУМ" |
| c |
Дата издания |
2025 |
| 300 |
Физическое описание |
__ |
| a |
Объем |
256 с. |
| 440 |
Серия |
__ |
| a |
Серия |
Высшее образование: Бакалавриат |
| 520 |
Аннотация |
__ |
| a |
Аннотация |
Изложены теоретические и практические положения по рационализации работы электрохозяйств предприятий организаций и учреждений. Рассмотрены вопросы организации и управления деятельностью электрохозяйств планирования работ учета и расчетов за электроэнергию экономии электроэнергии взаимоотношений электротехнических служб с энергоснабжающими организациями работы с персоналом совершенствования систем оплаты труда работников электрохозяйств. Значительный объем материала посвящен вопросам проведения энергосберегающих мероприятий в практике работы электрохозяйств. Пособие рекомендовано студентам высших учебных заведений учащихся колледжей а также работникам электрохозяств. |
| 650 |
Тематические рубрики |
__ |
| a |
Основная рубрика |
Управление (менеджмент) |
| x |
Основная подрубрика |
Менеджмент в промышленности |
| 655 |
Указ. предметных рубрик (устаревшее) |
__ |
| a |
Жанр/ форма (устаревшее) |
Учебное пособие |
| 700 |
Другие авторы |
__ |
| a |
Другие авторы |
Таранов М. А. |
| q |
Полное имя |
Таранов Михаил Алексеевич |
| u |
Дополнение |
Ставропольский государственный аграрный университет |
| 856 |
Электронный адрес документа |
4_ |
| a |
Имя сервера/домена |
znanium.ru |
| m |
Помощь |
ebs_support@infra-m.ru |
| n |
Местонахождение сервера |
НИЦ ИНФРА-М |
| u |
URL |
https://znanium.ru/catalog/document?id=454637 |
| 856 |
Электронный адрес документа |
48 |
| a |
Имя сервера/домена |
znanium.ru |
| d |
Путь |
/cover/2173 |
| f |
Электронное имя |
2173382.jpg |
| q |
Тип электронного формата |
image/jpeg |
| u |
URL |
https://znanium.ru/cover/2173/2173382.jpg |
| 911 |
|
__ |
| u |
|
0030=https://znanium.ru/catalog/document?id=454637 |